000 02353cam a22004577a 4500
001 17381150
003 OSt
005 20220908111253.0
008 120711s2013 enka f 001 0 eng d
010 _a 2012944040
015 _aGBB293197
_2bnb
016 7 _a016171916
_2Uk
020 _a9780199693887 (pbk.)
035 _a(OCoLC)ocn810946942
040 _cLC
042 _alccopycat
050 0 0 _aRC456.O95
082 0 4 _a616.89
_223
100 1 _aSemple, David
_9372
245 1 0 _aOxford handbook of psychiatry. /
_cDavid Semple, Roger Smyth.
250 _a3rd ed.
260 _aOxford:
_bOxford University Press,
_c2013.
300 _axxviii, 1057 p. :
_bill. ;
_c19 cm.
490 1 _aOxford handbooks
490 1 _aOxford medical publications
500 _aIncludes index.
505 _aContents: Thinking about psychiatry -- Psychiatric assessment -- Symptoms of psychiatric illness -- Evidence-based psychiatry -- Organic illness -- Schizophrenia and related psychoses -- Depressive illness -- Bipolar illness -- Anxiety and stress-related disorders -- Eating and impulse-control disorders -- Sleep disorders -- Reproductive psychiatry, sexual dysfunction and sexuality -- Personality disorders -- Old age psychiatry -- Substance misuse -- Child and adolescent psychiatry -- Forensic psychiatry -- Learning disability -- Liaison psychiatry -- Psychotherapy -- Legal issues -- Transcultural psychiatry -- Therapeutic issues -- Difficult and urgent situations -- Useful resources -- ICD-10/DSM-IV index --
650 0 _aPsychiatry
_vHandbooks, manuals, etc.
_9373
650 1 2 _aMental Disorders
_xtherapy
_vHandbooks.
_9374
650 2 2 _aPsychiatry
_vHandbooks.
_9375
700 1 _aSmyth, Roger.
_9376
830 0 _aOxford medical publications.
_9377
830 0 _aOxford handbooks.
_9378
856 4 2 _3Contributor biographical information
_uhttp://www.loc.gov/catdir/enhancements/fy1409/2012944040-b.html
856 4 2 _3Publisher description
_uhttp://www.loc.gov/catdir/enhancements/fy1409/2012944040-d.html
856 4 1 _3Table of contents only
_uhttp://www.loc.gov/catdir/enhancements/fy1409/2012944040-t.html
906 _a7
_bcbc
_ccopycat
_d2
_encip
_f20
_gy-gencatlg
942 _2lcc
_cBK
999 _c9214
_d16714